000
00308nam a22001337a 4500
008
170413b xxu||||| |||| 00| 0 eng d
020
_a
0812108671
041
_a
eng
080
_a
612.39
100
_a
10
101
_a
SHM
245
_a
NUTRITION, WEIGHT CONTROL AND EXERCISE
_c
KATCH, F.I
942
_2
udc
_c
BK
999
_c
10698
_d
10698